| 000 | 00779nam a22001817a 4500 | ||
|---|---|---|---|
| 999 |
_c371232 _d371232 |
||
| 008 | 201127b ||||| |||| 00| 0 eng d | ||
| 040 |
_aDE-2950 _bger _cDE-2950 _erda |
||
| 041 | _ager | ||
| 245 |
_aFrankfurt kurz vor der Einführung des digitalen Parktickets. _bSmart City: Was anderswo längst funktioniert, lässt hierzulande weiter auf sich warten: das Handyparken. 2022 könnte es klappen - doch ein Problem gibt es noch / _nThomas Gutke. |
||
| 264 | _c2021 | ||
| 653 | _aFrankfurt (Oder) | ||
| 653 | _aParkraumbewirtschaftung | ||
| 773 |
_dFrankfurt (Oder) Märkisches Verlags- und Druckhaus GmbH & Co KG _tMärkische Oderzeitung _g32. Jahrgang (2021) Nr. 292 vom 14.12.2021, S. 13 |
||
| 942 | _cA | ||